000 02012nam a2200301 4500
003 BJBSDDR
005 20251027153007.0
007 ta
008 250724s2023 nyu||||| |||| 00| 0 eng d
020 _a9780393866865
020 _a0393866866
040 _beng
_cBJBSDDR
041 _aeng
050 1 4 _aUG 479
_bS311f 2023
100 1 _aScharre, Paul
_943613
245 1 0 _aFour battlegrounds :
_bpower in the age of artificial intelligence /
_cPaul Scharre
246 3 0 _a4 battlegrounds
246 3 _aPower in the age of artificial intelligence
260 _aNew York, NY :
_bW.W. Norton & Company,
_c2023
300 _axvi, 473 pages, 8 unnumbered pages of plates :
_billustrations, map ;
_c25 cm.
505 0 _a•Power. The new oil ; Data ; Compute ; Talent ; Institutions • Competition. A winning hand ; Maven ; Revolt ; Sputnik moment • Repression. Terror ; Sharp eyes ; A better world ; Panopticon ; Dystopia • Truth. Disinformation ; Synthetic reality ; Transformation ; Bot wars • Rift. Fusion ; Harmony ; Stranglehold • Revolution. Robotics row ; Project Voltron ; Foundation ; The wrong kind of lethality ; Jedi ; Disruption • Alchemy. Control ; Poison ; Trust ; Race to the bottom • Fire. Alien intelligence ; Battlefield singularity ; Restraint ; The future of AI.
520 _aA new industrial revolution has begun. Like mechanization or electricity before it, artificial intelligence will touch every aspect of our lives--and cause profound disruptions in the balance of global power, especially among the AI superpowers: China, the United States, and Europe. Autonomous weapons expert Paul Scharre takes readers inside the fierce competition to develop and implement this game-changing technology and dominate the future
650 4 _aArte y ciencia militar
_940292
650 4 _aArte y ciencia militar
_xInnovaciones tecnológicas
_940293
650 4 _aAplicaciones industriales de la inteligencia artificial
_941938
942 _2lcc
_cBK
946 _icmc
999 _c124393
_d124393